[Event "Biel op"]
[Site "Biel"]
[Date "1992.??.??"]
[Round "7"]
[White "Baburin, Alexander"]
[Black "Zoler, Dan"]
[Result "1-0"]
[WhiteElo "2520"]
[BlackElo "2370"]

1.d4 Nf6 2.c4 g6 3.Nf3 Bg7 4.g3 O-O 5.Bg2 d6 6.O-O Nc6 7.Nc3 a6 8.d5 Na5
9.Nd2 c5 10.Rb1 b5 11.cxb5 axb5 12.Nxb5 Ba6 13.Nc3 Qc7 14.b3 Rfb8 15.Ba3 Qa7
16.Qc2 Bc8 17.Bb2 Rb4 18.Nd1 Rab8 19.Bc3 R4b7 20.e4 Nd7 21.Bxg7 Kxg7 22.Qc3+ Kg8
23.Ne3 Qb6 24.a3 Ra7 25.Rfc1 Qd8 26.b4 Nb7 27.Nec4 Rba8 28.Nb3 Nb6 29.Nxb6 Qxb6
30.bxc5 Nxc5 31.Nxc5 Qxc5 32.Qxc5 dxc5 33.Rxc5 Rxa3 34.Rc7 Kf8 35.Rbc1 Bg4
36.e5 Rd3 37.d6 Re8 38.Be4 Rd4 39.Bc6 exd6 40.Bxe8 Kxe8 41.R7c4 dxe5 42.Rxd4 exd4
43.Rc4 h5 44.Rxd4 Ke7 45.Kf1 Kf6 46.Ke1 Be6 47.Kd2 Bc8 48.Ke3 Bh3 49.Kf4 Bc8
50.Rd6+ Kg7 51.Kg5 Bg4 52.f4 Bf5 53.Kh4 Be6 54.Ra6 Bc8 55.Rb6 Be6 56.h3 Bc8
57.g4 hxg4 58.hxg4 Bd7 59.Kg5 Be6 60.Rb7 Bd5 61.Rc7  1-0

[Event "Bratislava op"]
[Site "Bratislava"]
[Date "1992.??.??"]
[Round "2"]
[White "Certek, Pavel"]
[Black "Gazik, Igor"]
[Result "1/2-1/2"]
[WhiteElo "2290"]
[BlackElo "2425"]

1.d4 Nf6 2.Nf3 g6 3.g3 Bg7 4.Bg2 O-O 5.c4 d6 6.Nc3 Nbd7 7.O-O e5 8.h3 h6
9.e4 Nh7 10.Be3 Ng5 11.Nxg5 hxg5 12.Qd2 exd4 13.Bxd4 Ne5 14.b3 Qf6 15.Nd5 Nf3+
16.Bxf3 Qxf3 17.Ne7+ Kh7 18.Nxc8 Rfxc8 19.Bxg7 Kxg7 20.Qxg5 Re8 21.Rae1 Re5
22.Qg4 Qxg4 23.hxg4 Rae8 24.f3 f5 25.gxf5 gxf5 26.Kf2 fxe4 27.f4 Ra5 28.a4 d5
29.cxd5 Rxd5 30.Rd1 Red8 31.Rxd5 Rxd5 32.Re1 Rd4 33.g4 c5 34.a5 Rb4 35.Ke3 b6
36.Rd1 bxa5 37.Rd7+ Kf6 38.Rxa7 Rxb3+ 39.Kxe4 Rb4+  1/2-1/2

[Event "Bratislava op"]
[Site "Bratislava"]
[Date "1992.??.??"]
[Round "5"]
[White "Djubek, Boris"]
[Black "Majzlan, Igor"]
[Result "1/2-1/2"]
[WhiteElo "2280"]
[BlackElo "2320"]

1.d4 Nf6 2.c4 g6 3.g3 Bg7 4.Bg2 d6 5.Nf3 O-O 6.O-O Nbd7 7.Nc3 e5 8.h3 Qe7
9.Be3 c6 10.Rc1 exd4 11.Nxd4 a5 12.Qc2 Nc5 13.Rfd1 Bd7 14.b3 Rad8 15.Kh2 Nh5
16.Qd2 Rfe8 17.Bh6 Bh8 18.e4 Ng7 19.Nde2 Nge6 20.Be3 Bc8 21.Nf4 Qc7 22.Nxe6 Nxe6
23.Qc2 Bg7 24.Na4 c5 25.Nc3 b6 26.f4 Bb7 27.Nb5 Qe7 28.Qd2 Nd4 29.Nxd4 cxd4
30.Bxd4 Bxd4 31.Qxd4 Bxe4 32.Re1 f5 33.Qxb6 a4 34.Qd4 axb3 35.axb3 Ra8 36.Re2 Ra3
37.Rce1 Qb7 38.Bxe4 Rxe4 39.Rxe4 fxe4 40.Qxe4 Qxe4 41.Rxe4 Rxb3 42.Rd4 Rb4
43.g4 d5 44.Rxd5 Rxc4 45.Kg3 Rc7 46.g5 Rc3+ 47.Kg4 Rc1 48.Rd8+ Kg7 49.Rd7+ Kg8
50.Rd3 Rg1+ 51.Kf3 Re1 52.Re3 Ra1 53.Ke4 Ra7 54.Kf3 Kg7 55.h4 h6 56.Kg4 hxg5
57.Kxg5 Ra5+ 58.Re5 Ra7  1/2-1/2

[Event "Bratislava op"]
[Site "Bratislava"]
[Date "1992.??.??"]
[Round "6"]
[White "Kantorik, Marian"]
[Black "Berezjuk, Sergej"]
[Result "1/2-1/2"]
[WhiteElo "2235"]
[BlackElo "2415"]

1.d4 Nf6 2.Nf3 d6 3.c4 g6 4.g3 Bg7 5.Bg2 O-O 6.O-O a6 7.Nc3 Nc6 8.h3 Bd7
9.Re1 Re8 10.e4 e5 11.dxe5 Nxe5 12.b3 Nxf3+ 13.Qxf3 Bc6 14.Bg5 h6 15.Bxf6 Qxf6
16.Qxf6 Bxf6 17.Rac1 Bxc3 18.Rxc3 Re6 19.c5 Rae8 20.cxd6 Rxd6 21.e5 Bxg2
22.exd6 Rxe1+ 23.Kxg2 cxd6 24.Rc7 Re2 25.Rxb7 Rxa2 26.Rd7 Rd2 27.Ra7  1/2-1/2

[Event "Bratislava op"]
[Site "Bratislava"]
[Date "1992.??.??"]
[Round "7"]
[White "Bagaturov, Giorgi"]
[Black "Mrva, Martin"]
[Result "1-0"]
[WhiteElo "2435"]
[BlackElo "2375"]

1.d4 Nf6 2.Nf3 g6 3.c4 Bg7 4.g3 O-O 5.Bg2 d6 6.O-O Bg4 7.h3 Bxf3 8.Bxf3 Nc6
9.Bg2 Nd7 10.e3 e5 11.d5 Ne7 12.e4 f5 13.Nc3 Kh8 14.exf5 gxf5 15.f4 Ng6 16.fxe5 dxe5
17.Qc2 f4 18.Ne4 Qe7 19.h4 Nf6 20.Nxf6 Qxf6 21.h5 Ne7 22.gxf4 Qh4 23.h6 Bxh6
24.Qe4 exf4 25.Bd2 Ng6 26.d6 cxd6 27.Bc3+ Ne5 28.c5 Bg7 29.cxd6 Rae8 30.Rae1 Ng4
31.Qxf4 Bxc3 32.Rxe8 Qh2+ 33.Qxh2 Bd4+ 34.Kh1  1-0

[Event "Bratislava op"]
[Site "Bratislava"]
[Date "1992.??.??"]
[Round "8"]
[White "Bagaturov, Giorgi"]
[Black "Dydyshko, Viacheslav"]
[Result "1/2-1/2"]
[WhiteElo "2435"]
[BlackElo "2505"]

1.d4 Nf6 2.Nf3 g6 3.c4 Bg7 4.g3 O-O 5.Bg2 d6 6.O-O c6 7.Nc3 Bf5 8.Ne1 Qb6
9.e4 Bg4 10.Qd3 e5 11.d5 cxd5 12.cxd5 Rc8 13.Rb1 Na6 14.Be3 Qa5 15.Qd2 Bd7
16.f3 Qd8 17.Nd3 h5 18.a4 Nc7 19.Qf2 a5 20.Rfc1 b5 21.b3 Rab8 22.Nb2 bxa4
23.Nbxa4 Nb5 24.Nxb5 Bxb5 25.Bf1  1/2-1/2

[Event "Bucharest"]
[Site "Bucharest"]
[Date "1992.??.??"]
[Round "?"]
[White "Itkis, Boris"]
[Black "Grigore, George"]
[Result "1-0"]
[WhiteElo "2450"]
[BlackElo "2410"]

1.d4 Nf6 2.Nf3 g6 3.c4 Bg7 4.g3 O-O 5.Bg2 d6 6.Nc3 Nbd7 7.O-O e5 8.e4 c6
9.b3 exd4 10.Nxd4 Re8 11.h3 a5 12.Re1 h6 13.Rb1 Nc5 14.Bf4 Nh5 15.Be3 Nf6
16.Qc2 Qe7 17.Rbd1 Bd7 18.Bf4 Rad8 19.Ndb5 cxb5 20.Bxd6 Qe6 21.Bxc5 bxc4
22.e5 Nh7 23.Rd6 Qf5 24.Qxf5 Bxf5 25.Rxd8 Rxd8 26.Nd5 Bd3 27.Ne7+ Kh8 28.bxc4 Bxc4
29.a3 Bf8 30.Rc1 Be6 31.Bd6 Rd7 32.Nc8 b5 33.Rb1 Rd8 34.Bxf8 Nxf8 35.Nd6 b4
36.axb4 axb4 37.Rxb4 Kg7 38.f4 f6 39.Rb7+ Kh8 40.Bc6 fxe5 41.fxe5 Kg8 42.Re7 Ba2
43.Be8 Rb8 44.Ne4 Rb1+ 45.Kf2 Rb2+ 46.Ke3 Rb3+ 47.Kd2 Rb2+ 48.Kc1 Rb1+ 49.Kc2 Rg1
50.Nf6+ Kh8 51.g4 Rg2+ 52.Kc3 Rh2 53.Bf7 Bb1 54.Bc4 g5 55.Re8  1-0

[Event "Bucharest-B"]
[Site "Bucharest"]
[Date "1992.??.??"]
[Round "?"]
[White "Rogozenko, Dorin"]
[Black "Badea, Bela"]
[Result "1/2-1/2"]
[WhiteElo "2405"]
[BlackElo "2435"]

1.d4 Nf6 2.c4 g6 3.g3 Bg7 4.Nf3 d6 5.Bg2 O-O 6.Nc3 Nbd7 7.O-O e5 8.e4 c6
9.h3 Qb6 10.Re1 Ne8 11.dxe5  1/2-1/2

[Event "Budapest Nuovo"]
[Site "Budapest"]
[Date "1992.??.??"]
[Round "6"]
[White "Baburin, Alexander"]
[Black "Stummer, Anton"]
[Result "1-0"]
[WhiteElo "2490"]
[BlackElo "2310"]

1.d4 Nf6 2.c4 g6 3.Nf3 Bg7 4.g3 O-O 5.Bg2 d6 6.O-O Nbd7 7.Qc2 e5 8.Rd1 Re8
9.dxe5 dxe5 10.e4 c6 11.h3 Bf8 12.Be3 b6 13.Nc3 Qc7 14.Na4 Nc5 15.Nxc5 Bxc5
16.Bxc5 bxc5 17.Ne1 Be6 18.Nd3 Nd7 19.b3 f6 20.Qd2 a5 21.Qe3 Qd6 22.Nb2 Qe7
23.Na4 Reb8 24.Rd2 Rb4 25.Rad1 Ra7 26.Bf1 Kg7 27.Rd6 Bd5 28.Rxd7 Rxd7 29.Nxc5 Rd8
30.cxd5 cxd5 31.exd5 Rb6 32.Bc4 f5 33.Re1 f4 34.gxf4  1-0

[Event "Donau Cup op"]
[Site "Budapest"]
[Date "1992.??.??"]
[Round "6"]
[White "Csom, Istvan"]
[Black "Pugachov, Alexey"]
[Result "0-1"]
[WhiteElo "2490"]
[BlackElo "2355"]

1.c4 g6 2.Nf3 Bg7 3.d4 Nf6 4.g3 O-O 5.Bg2 d6 6.Nc3 Nbd7 7.O-O e5 8.b3 exd4
9.Nxd4 Nc5 10.h3 Re8 11.Bb2 c6 12.Qc2 a5 13.e3 h5 14.Rad1 Qe7 15.Rfe1 Bd7
16.e4 Rad8 17.Bc1 Nh7 18.Nf3 Bc8 19.Be3 Qc7 20.Bd4 Bxd4 21.Nxd4 Ng5 22.h4 Nh7
23.Kh2 Nf6 24.f3 Re5 25.Qd2 Kh7 26.Re2 Rg8 27.Qf4 Ne8 28.Red2 Qe7 29.Nce2 f6
30.Rc2 g5 31.hxg5 fxg5 32.Qd2 h4 33.g4 Nf6 34.Nf5 Bxf5 35.exf5 Re3 36.Ng1 Qe5+
37.Kh1 Nd3 38.Qxd3 Rxd3 39.Rxd3  0-1

[Event "Budapest Nuovo"]
[Site "Budapest"]
[Date "1992.??.??"]
[Round "7"]
[White "Horvath, Jozsef"]
[Black "Hazai, Laszlo"]
[Result "1/2-1/2"]
[WhiteElo "2480"]
[BlackElo "2460"]

1.d4 Nf6 2.c4 g6 3.Nf3 Bg7 4.g3 O-O 5.Bg2 d6 6.Nc3 Nc6 7.O-O e5 8.d5 Ne7
9.e4 Nd7 10.b4 a5 11.Ba3 b6 12.Nd2 axb4 13.Bxb4 f5 14.a4 Nc5 15.a5 Bh6 16.Nb3 Ba6
17.axb6 cxb6 18.Bxc5 bxc5 19.Nxc5 dxc5 20.d6 Bb7 21.Rxa8 Bxa8 22.dxe7 Qxe7
23.exf5 Bxg2 24.Kxg2 gxf5 25.Qd5+ Kh8 26.Rb1 e4 27.Rb7 Qf6 28.Nb5 f4 29.Nd6 fxg3
30.Nf7+ Kg7 31.Ne5+ Kh8 32.Nf7+ Kg7 33.Ne5+ Kh8 34.Nf7+  1/2-1/2

[Event "Budapest Nuovo"]
[Site "Budapest"]
[Date "1992.??.??"]
[Round "11"]
[White "Baburin, Alexander"]
[Black "Hazai, Laszlo"]
[Result "1-0"]
[WhiteElo "2490"]
[BlackElo "2460"]

1.d4 Nf6 2.c4 g6 3.Nf3 Bg7 4.g3 O-O 5.Bg2 d6 6.O-O Nc6 7.d5 Na5 8.Nfd2 c5
9.Nc3 e5 10.e4 a6 11.a3 b6 12.b4 Nb7 13.Rb1 Bd7 14.b5 a5 15.Bb2 Ng4 16.h3 Nh6
17.a4 Qe7 18.Ne2 Rae8 19.Qc2 Nd8 20.Rbe1 f6 21.Kh2 Ndf7 22.Bc3 g5 23.f4 gxf4
24.gxf4 exf4 25.Nxf4 Ne5 26.Nh5 Qf7 27.Nxg7 Kxg7 28.Nf3 Qh5 29.Nxe5 fxe5
30.Qd3 Qh4 31.Kg1 Kh8 32.Re3 Ng8 33.Ref3 Qh6 34.Bd2 Rxf3 35.Rxf3 Qh5 36.Qf1 Re7
37.Kh2 Rg7 38.Qf2 h6 39.Be3 Kh7 40.Bd2 Ne7 41.Rf6 Rg6 42.Rf7+ Rg7 43.Rf6 Rg6
44.Rxg6 Qxg6 45.Qf8 Qg7 46.Qb8 Nc8 47.Qc7 Qe7 48.Bf3 Kg6 49.Bg4 Qf6 50.Kg2 Bxg4
51.hxg4 Ne7 52.Qxb6 Kf7 53.Qxa5 Ng6 54.Qc3 Kg7 55.b6 Nh4+ 56.Kg3 Ng6 57.Qf3 Qh4+
58.Kg2 Qd8 59.Qh3 Kf7 60.Qxh6  1-0

[Event "Buehl rapid"]
[Site "Buehl"]
[Date "1992.??.??"]
[Round "6"]
[White "Hasecic, Sabahudin"]
[Black "Vatter, Hans Joachim"]
[Result "1-0"]
[WhiteElo "2310"]
[BlackElo "2280"]

1.d4 Nf6 2.Nf3 g6 3.c4 Bg7 4.g3 O-O 5.Bg2 d6 6.O-O Nc6 7.d5 Nb8 8.Nc3 e5
9.e4 a5 10.Ne1 Na6 11.Nd3 Nc5 12.Nxc5 dxc5 13.h3 Ne8 14.Be3 b6 15.f4 Nd6
16.b3 exf4 17.Bd2 fxg3 18.Qf3 Qh4 19.Bf4 Bxh3 20.e5 Nf5 21.Bxh3 Qxh3 22.Qg2 Qxg2+
23.Kxg2 g5 24.Bxg5 Bxe5 25.Rxf5 Bxc3 26.Raf1 f6 27.Bxf6 Bxf6 28.Rxf6 a4 29.Kxg3 axb3
30.axb3 Rxf6 31.Rxf6 Ra3 32.Rf3 Kg7 33.Kf4 Kf6 34.Ke4+ Kg5 35.Rf7 h5  1-0

[Event "Buehl rapid"]
[Site "Buehl"]
[Date "1992.??.??"]
[Round "10"]
[White "Schuh, Hubert"]
[Black "Pioch, Thomas"]
[Result "1-0"]
[WhiteElo "2350"]
[BlackElo "2220"]

1.d4 Nf6 2.Nf3 g6 3.c4 Bg7 4.g3 d6 5.Bg2 O-O 6.O-O Nbd7 7.Qc2 e5 8.Rd1 Qe7
9.Nc3 c6 10.e4 a5 11.Rb1 Re8 12.b3 exd4 13.Nxd4 Nc5 14.f3 Be6 15.Be3 h5 16.Bf2 Bh6
17.h3 Nh7 18.Nce2 Bc8 19.a3 Ng5 20.Kh2 Rf8 21.b4 axb4 22.axb4 Nce6 23.h4 Nh7
24.c5 dxc5 25.Nxe6 Qxe6 26.Bxc5 Re8 27.Nd4 Qa2 28.Rb2 Qa4 29.b5 Qxc2 30.Rxc2 cxb5
31.Nxb5 Be6 32.Rd3 Rec8 33.Rdc3 Bg7 34.Bd4 Rxc3 35.Rxc3 Ra2 36.Bxg7 Kxg7
37.Nd4 Bd7 38.Rc7 Ba4 39.Rxb7 Bd1 40.Rd7 Nf8 41.Rd6  1-0

[Event "Wch U20"]
[Site "Buenos Aires"]
[Date "1992.??.??"]
[Round "?"]
[White "Petrov, Jole"]
[Black "Relange, Eloi"]
[Result "1-0"]
[WhiteElo "2360"]
[BlackElo "2365"]

1.c4 g6 2.g3 Bg7 3.Bg2 d6 4.d4 Nf6 5.Nf3 O-O 6.O-O Nbd7 7.Nc3 e5 8.e4 c6
9.h3 Qb6 10.dxe5 dxe5 11.Qc2 Qb4 12.b3 Qe7 13.Be3 Nh5 14.Rad1 f5 15.Bg5 Qf7
16.Bc1 h6 17.Ba3 Re8 18.Rfe1 f4 19.g4 Nhf6 20.Rd2 Bf8 21.Qc1 a5 22.Bd6 Re6
23.Bxf8 Qxf8 24.Red1 b6 25.Ne1 Nc5 26.Qb2 Qe7 27.a3 Bd7 28.b4 axb4 29.axb4 Na6
30.Nc2 Be8 31.Ra1 Qb7 32.Qb1 Bf7 33.Qd1 Ree8 34.Bf1 Kg7 35.Rd6 Nc7 36.Rxa8 Qxa8
37.Ne1 Qa3 38.Qc2 Ne6 39.Rxc6 Qxb4 40.Nf3 Nc5 41.g5 Nfd7 42.gxh6+ Kxh6 43.Nd5 Qa3
44.Nh4 Kg7 45.Qe2 Qa8 46.Rc7 Bxd5 47.cxd5 Qd8 48.Qg4 Rg8 49.d6 Kh6 50.Nf3 g5
51.Bc4 Rg7 52.Qf5 Qf6 53.Qxf6+ Nxf6 54.Nxe5 Nfd7 55.Ng4+ Kg6 56.e5 Kf5 57.Bb5 Ke6
58.Nf6 Kxe5 59.Nxd7+ Nxd7 60.Rxd7 Rxd7 61.Bxd7 Kxd6 62.Bf5 Ke5 63.Bb1 b5  1-0

[Event "Inauguracio op"]
[Site "Buenos Aires"]
[Date "1992.??.??"]
[Round "?"]
[White "Panno, Oscar"]
[Black "Fiorito, Fabian"]
[Result "1/2-1/2"]
[WhiteElo "2465"]
[BlackElo "2410"]

1.Nf3 Nf6 2.c4 g6 3.d4 Bg7 4.g3 O-O 5.Bg2 d6 6.Nc3 Nc6 7.O-O a6 8.h3 Bd7
9.Bg5 h6 10.Be3 Rb8 11.Qd2 Kh7 12.Rab1 b5 13.cxb5 axb5 14.b4 e6 15.d5 exd5
16.Nxd5 Nxd5 17.Qxd5 Ne7 18.Qd2 Nf5 19.Bd4 Nxd4 20.Nxd4 Qc8 21.Nc6 Bxc6 22.Bxc6 Qxh3
23.Rfc1 Be5 24.Rb3 h5  1/2-1/2

[Event "Wch U20"]
[Site "Buenos Aires"]
[Date "1992.??.??"]
[Round "?"]
[White "Mastrokoukos, Georgios"]
[Black "Ahn, Martin"]
[Result "1-0"]
[WhiteElo "2325"]
[BlackElo "2245"]

1.d4 Nf6 2.c4 g6 3.Nf3 Bg7 4.g3 O-O 5.Bg2 d6 6.O-O c6 7.Nc3 Qa5 8.h3 e5 9.e4 exd4
10.Nxd4 Qc5 11.Qd3 Nbd7 12.Nb3 Qb4 13.Rd1 Ne5 14.Qxd6 Qxd6 15.Rxd6 Nxc4 16.Rd4 Nb6
17.Be3 Nfd7 18.Rb4 Re8 19.Rd1 Nf8 20.Bd4 Ne6 21.Bxg7 Kxg7 22.e5 Nd7 23.f4 f5
24.Rxb7 Rd8 25.Rb4 Rb8 26.Ra4  1-0

[Event "Wch U20"]
[Site "Buenos Aires"]
[Date "1992.??.??"]
[Round "?"]
[White "Hsu Li Yang"]
[Black "Tsemekhman, Vadim"]
[Result "1-0"]
[WhiteElo "2455"]
[BlackElo "2350"]

1.d4 Nf6 2.c4 g6 3.Nf3 Bg7 4.g3 O-O 5.Bg2 d6 6.O-O Nbd7 7.Qc2 e5 8.Rd1 Re8
9.dxe5 dxe5 10.e4 Qe7 11.b3 Nc5 12.Nc3 c6 13.Ba3 Bf8 14.Na4 b6 15.Nxc5 bxc5
16.Ne1 Qc7 17.Nd3 Qa5 18.Bb2 Qc7 19.f4 Ng4 20.Re1 f6 21.h3 Nh6 22.Qf2 Nf7
23.Nxc5 Qa5 24.Nd3 Rd8 25.Qe2 Be6 26.Kh2 Rab8 27.Qc2 exf4 28.Nxf4 Ne5 29.Nxe6 Rd2
30.Bc3 Rxc2 31.Bxa5 Nf3+ 32.Kh1 Nxe1 33.Bxe1 c5 34.Nxf8 Kxf8 35.Kg1 Rd8 36.a3 Rd3
37.b4 Rb3 38.Bf1 Ke8 39.b5 Ke7 40.a4 Ke6 41.a5 Ke5 42.b6 a6 43.Bf2 g5 44.Bxc5 Rxg3+
45.Kh1 Rb3 46.Rd1 Kf4 47.Bd6+ Kf3 48.c5 Kf2 49.Bg2 Rcc3 50.Bh2 h5 51.e5 g4
52.hxg4 h4 53.exf6 h3 54.Bd5  1-0

[Event "Wch U20"]
[Site "Buenos Aires"]
[Date "1992.??.??"]
[Round "?"]
[White "Hsu Li Yang"]
[Black "Rasik, Vitezslav"]
[Result "0-1"]
[WhiteElo "2455"]
[BlackElo "2415"]

1.d4 Nf6 2.c4 g6 3.Nf3 Bg7 4.g3 O-O 5.Bg2 d6 6.O-O Nc6 7.Nc3 Bf5 8.h3 Ne4
9.Nd5 Bd7 10.Be3 e6 11.Nf4 f5 12.d5 e5 13.dxc6 exf4 14.cxb7 fxe3 15.Qd5+ Kh8
16.bxa8=Q Qxa8 17.Qxa8 exf2+ 18.Kh2 Rxa8 19.Ng5 Bxb2 20.Nxe4 fxe4 21.Rab1 Bd4
22.Bxe4 Re8 23.Bf3 Kg7 24.g4 Bb6 25.Kg2 Re5 26.Rb3 h5 27.Rc1 hxg4 28.hxg4 Kf6
29.Rcc3 Ba4 30.Ra3 Bd7 31.Rd3 Be6 32.Rac3 Rc5 33.Rd4 Ra5 34.Rd2 Rg5 35.Rd1 Bxg4
36.Bxg4 Rxg4+ 37.Kf3 Rg1 38.Rcc1 Rg5 39.e3 Ra5 40.Rf1 Ra3 41.Kxf2 Bxe3+ 42.Kg3+ Kg5
43.Rc2 Bf4+ 44.Kf2 Kg4 45.Rb1 c5 46.Rb3 Ra4 47.Rd3 g5 48.Kg2 Be5 49.Rf3 Bf4
50.Rd3 Kf5 51.Rd5+ Ke6 52.Rd3 g4 53.Re2+ Kf5 54.Rc2 Ke4 55.Rd5 Be5 56.Rd1 Ra3
57.Re2+ Kf4 58.Rf1+ Kg5 59.Rf7 a5 60.Ref2 Rc3 61.Ra7 Rg3+ 62.Kh1 Rc3 63.Rxa5 Rc1+
64.Kg2 Bd4 65.Re2 Rg1+ 66.Kh2 g3+ 67.Kh3 Kf4 68.Ra3 Rh1+ 69.Kg2 Rh2+ 70.Kf1 Rxe2
71.Kxe2 g2 72.Rf3+ Ke4 73.Rg3 g1=Q 74.Rxg1 Bxg1 75.a4 d5 76.a5 Bh2  0-1

[Event "Wch U20"]
[Site "Buenos Aires"]
[Date "1992.??.??"]
[Round "?"]
[White "Scarella, Enrique"]
[Black "Favaro, Edmar F"]
[Result "1-0"]
[WhiteElo "2410"]
[BlackElo "2295"]

1.d4 Nf6 2.Nf3 g6 3.c4 Bg7 4.g3 O-O 5.Bg2 d6 6.Nc3 Nbd7 7.O-O c6 8.e4 e5
9.Qc2 exd4 10.Nxd4 a5 11.Rd1 Qe7 12.b3 Re8 13.f3 h5 14.Bf4 h4 15.g4 Nh7 16.Qd2 Ndf8
17.Rac1 Be5 18.Be3 g5 19.Nf5 Bxf5 20.gxf5 Nd7 21.Kh1 Kh8 22.Bh3 Rg8 23.Ne2 Ndf6
24.Rg1 Nh5 25.Bg4 N5f6 26.Bh3 Nh5 27.Rcd1 Rg7 28.Rg2 a4 29.Bg4 N5f6 30.Ng1 axb3
31.axb3 Rgg8 32.Nh3 Nd7 33.f6 Bxf6 34.Bxd7 Qxd7 35.Nxg5 Rg6 36.Qxd6 Qe8 37.Nxh7 Rd8
38.Nxf6 Rxd6 39.Rxd6 Qb8 40.Rxg6 fxg6 41.Rd7  1-0

[Event "FMDA tt"]
[Site "Buenos Aires"]
[Date "1992.??.??"]
[Round "2"]
[White "Casafus, Ruben"]
[Black "Langier, Daniel"]
[Result "1-0"]
[WhiteElo "2400"]
[BlackElo "2300"]

1.d4 Nf6 2.Nf3 g6 3.c4 Bg7 4.g3 O-O 5.Bg2 d6 6.O-O Nc6 7.Nc3 e5 8.d5 Ne7
9.e4 Nd7 10.b4 a5 11.bxa5 Rxa5 12.Nd2 f5 13.Nb3 Ra6 14.a4 Nf6 15.exf5 Nxf5
16.c5 Re8 17.Re1 Nd4 18.cxd6 Qxd6 19.Nxd4 exd4 20.Nb5 Rxe1+ 21.Qxe1 Qd8 22.Bf4 c6
23.Nc7 Rb6 24.a5 Rb2 25.dxc6 Nh5 26.cxb7 Bxb7 27.Ne6 Qe8 28.Bxb7 Rxb7 29.a6 Ra7
30.Qb4 Qxe6 31.Qb8+ Bf8 32.Bh6 Rf7 33.Bxf8  1-0

[Event "Buenos Aires Najdorf qual"]
[Site "Buenos Aires"]
[Date "1992.??.??"]
[Round "5"]
[White "Bielicki, Carlos"]
[Black "Filgueira, Hernan"]
[Result "1-0"]
[WhiteElo "2330"]
[BlackElo "2285"]

1.d4 Nf6 2.Nf3 g6 3.c4 Bg7 4.g3 d6 5.Bg2 O-O 6.Nc3 Nc6 7.O-O e5 8.d5 Ne7
9.c5 Ne8 10.cxd6 cxd6 11.a4 h6 12.Nd2 f5 13.Nc4 f4 14.Ne4 g5 15.b3 Nf5 16.e3 Nf6
17.Ba3 Nxe4 18.Bxe4 Rf6 19.Rc1 Bf8 20.Re1 fxe3 21.fxe3 Bd7 22.Rf1 Rc8 23.Qd3 Ng7
24.Rxf6 Qxf6 25.Rf1 Qd8 26.Bxd6 Be7 27.Bxe5 Bf8 28.Bh7+ Kh8 29.Qg6  1-0

[Event "Buenos Aires Najdorf qual"]
[Site "Buenos Aires"]
[Date "1992.??.??"]
[Round "7"]
[White "Devcic, Marcos"]
[Black "Filgueira, Hernan"]
[Result "1/2-1/2"]
[WhiteElo "2320"]
[BlackElo "2285"]

1.d4 Nf6 2.c4 g6 3.Nf3 Bg7 4.g3 O-O 5.Bg2 d6 6.O-O Nbd7 7.Nc3 e5 8.e4 exd4
9.Nxd4 Re8 10.Re1 a6 11.h3 Rb8 12.b3 c5 13.Nc2 Qe7  1/2-1/2

[Event "Calcutta"]
[Site "Calcutta"]
[Date "1992.??.??"]
[Round "7"]
[White "Pavanasam, Ananchaperumal"]
[Black "Imocha, Laisram"]
[Result "0-1"]
[WhiteElo "2260"]
[BlackElo "2225"]

1.Nf3 Nf6 2.g3 g6 3.Bg2 Bg7 4.c4 d6 5.d4 O-O 6.O-O Nbd7 7.Nc3 c6 8.e4 e5
9.h3 exd4 10.Nxd4 Nc5 11.Be3 Re8 12.Qc2 Qe7 13.Rfe1 a5 14.Rad1 Nfd7 15.f4 Nf8
16.Qd2 Bd7 17.Bf2 Rad8 18.Nb3 a4 19.Nd4 Bc8 20.Qc2 Bd7 21.Kh2 h5 22.Rd2 Nfe6
23.Red1 h4 24.Nxe6 hxg3+ 25.Bxg3 Bxe6 26.Nxa4 Nxa4 27.Qxa4 Ra8 28.Qb4 Rxa2
29.b3 c5 30.Qb5 Rea8 31.Rxd6 Bd4 32.e5 Kg7 33.R1xd4 cxd4 34.f5 Qg5 35.Qxb7 Qxf5
36.Rxe6 Qxe6 37.Qe4 Rh8 38.Kg1 Rxh3 39.Bxh3 Qxh3 40.Qf3  0-1

[Event "Calimanesti (Women)"]
[Site "Calimanesti"]
[Date "1992.??.??"]
[Round "?"]
[White "Strutinskaya, Galina N"]
[Black "Safranska, Anda"]
[Result "1/2-1/2"]
[WhiteElo "2265"]
[BlackElo "2260"]

1.d4 Nf6 2.c4 g6 3.Nf3 Bg7 4.g3 O-O 5.Bg2 d6 6.O-O Nc6 7.Nc3 a6 8.a3 Rb8
9.b4 b5 10.d5 Ng4 11.Bb2 Nce5 12.cxb5 axb5 13.Nd2 e6 14.Qc2 exd5 15.Nxd5 c6
16.Nf4 Bf5 17.e4 Bd7 18.h3 Nf6 19.Nb3 Nc4 20.Bd4 Qc8 21.Qc3 Ne8 22.Kh2 f5
23.exf5 Bxf5 24.a4 Ne5 25.axb5 Rxb5 26.Na5 Bd7 27.Rac1 Kh8 28.Nxc6 Bxc6 29.Bxc6 Qxc6
30.Qxc6 Nxc6 31.Bxg7+ Nxg7 32.Rxc6 Rxb4 33.Rxd6 Rb2 34.Kg1 g5 35.Nd3 Rd2
36.Rd7 Nh5 37.Ne5 Rxd7 38.Nxd7 Rd8 39.Ne5 Rd5  1/2-1/2

[Event "Cannes op"]
[Site "Cannes"]
[Date "1992.??.??"]
[Round "?"]
[White "Ninov, Kiril"]
[Black "Bibby, Simon"]
[Result "0-1"]
[WhiteElo "2395"]
[BlackElo "2270"]

1.Nf3 g6 2.d4 Nf6 3.c4 Bg7 4.g3 O-O 5.Bg2 d6 6.O-O c6 7.Nc3 Qa5 8.h3 Be6
9.Qd3 Qa6 10.b3 d5 11.Ne5 Rd8 12.Bb2 Nbd7 13.cxd5 Qxd3 14.Nxd3 Nxd5 15.Nxd5 Bxd5
16.e4 Be6 17.Rfd1 a5 18.Rac1 Rac8 19.g4 Nf8 20.Nc5 b6 21.Na4 b5 22.Nc5 a4
23.bxa4 bxa4 24.Nxe6 Nxe6 25.e5 Nf4 26.Bf1 e6 27.Ba3 Rd5 28.Bd6 Bf8 29.Ba6 Rd8
30.Bxf8 Kxf8 31.Rxc6 Nxh3+ 32.Kh2 Nxf2 33.Rf1 Nxg4+ 34.Kg3 Ne3 35.Rh1 Nf5+  0-1

[Event "Cannes Martinez op"]
[Site "Cannes"]
[Date "1992.??.??"]
[Round "?"]
[White "Horvath, Jozsef"]
[Black "Berthelot, Yannick"]
[Result "1-0"]
[WhiteElo "2505"]
[BlackElo "2335"]

1.d4 Nf6 2.Nf3 g6 3.c4 Bg7 4.g3 O-O 5.Bg2 d6 6.O-O Nbd7 7.Nc3 e5 8.e4 exd4
9.Nxd4 Re8 10.b3 a6 11.h3 Rb8 12.Be3 c5 13.Nde2 b5 14.Qxd6 b4 15.Na4 Nxe4
16.Bxe4 Bxa1 17.Rxa1 Rxe4 18.Nxc5 Rxe3 19.fxe3 Qe8 20.e4 Rb6 21.Qc7 Rf6 22.Rd1 Nf8
23.Rd8 Rc6 24.Rxe8 Rxc7 25.Nd3 a5 26.Nef4  1-0

[Event "Cannes Martinez op"]
[Site "Cannes"]
[Date "1992.??.??"]
[Round "?"]
[White "Gluckman, David"]
[Black "Berthelot, Yannick"]
[Result "1-0"]
[WhiteElo "2330"]
[BlackElo "2335"]

1.d4 Nf6 2.Nf3 g6 3.g3 Bg7 4.Bg2 O-O 5.c4 d6 6.O-O Nbd7 7.Nc3 e5 8.e4 exd4
9.Nxd4 Re8 10.h3 a6 11.Bf4 Rb8 12.Kh2 Ne5 13.b3 c5 14.Nf3 Nfd7 15.Nxe5 Nxe5
16.Qd2 b5 17.cxb5 axb5 18.Bg5 Qa5 19.Rac1 Rb6 20.Rfd1 Bb7 21.Nd5 Qxd2 22.Rxd2 Bxd5
23.Rxd5 Bf8 24.Be3 Nc6 25.Rd2 Ra6 26.Bf1 Ra5 27.Be2 Rea8 28.Kg2 b4 29.Rcc2 Bg7
30.Rxd6 Nd4 31.Rd2 Rxa2 32.Rxa2 Rxa2 33.Rd8+ Bf8 34.Bc4 Kg7 35.Rd7  1-0

[Event "Cannes op"]
[Site "Cannes"]
[Date "1992.??.??"]
[Round "?"]
[White "Kirov, Nino"]
[Black "Sibilio, Mario"]
[Result "1-0"]
[WhiteElo "2470"]
[BlackElo "2310"]

1.Nf3 Nf6 2.c4 d6 3.g3 g6 4.d4 Bg7 5.Bg2 O-O 6.O-O c6 7.h3 Qa5 8.b3 d5 9.Bb2 Be6
10.Nbd2 Ne4 11.a3 Nxd2 12.Nxd2 Qb6 13.c5 Qd8 14.b4 Nd7 15.Nb3 f6 16.Qc2 Qc7
17.Rfe1 Rae8 18.Rad1 Bf7 19.e4 dxe4 20.Bxe4 f5 21.Bg2 Nf6 22.Bc1 Nd5 23.Na5 f4
24.Kh2 e5 25.dxe5 Rxe5 26.Nc4 fxg3+ 27.fxg3 Rfe8 28.Nxe5 Bxe5 29.Qf2 h5 30.Bxd5 Bxd5
31.Bf4 Rf8 32.Rf1 h4 33.Qe3 hxg3+ 34.Bxg3 Rxf1 35.Rxf1 Bxg3+ 36.Qxg3 Qg7
37.Rf2 Kh7 38.Qh4+ Kg8 39.Qf6 Qc7+ 40.Qd6 Qg7 41.Rf6 Qh7 42.Qf4  1-0

[Event "Cappelle op"]
[Site "Cappelle la Grande"]
[Date "1992.??.??"]
[Round "4"]
[White "Ilic, Zoran"]
[Black "Hebden, Mark"]
[Result "0-1"]
[WhiteElo "2395"]
[BlackElo "2500"]

1.d4 Nf6 2.Nf3 g6 3.c4 Bg7 4.g3 O-O 5.Bg2 d6 6.Nc3 Nc6 7.O-O Rb8 8.Bd2 a6
9.Rc1 e5 10.dxe5 dxe5 11.Bg5 Be6 12.Qa4 h6 13.Bxf6 Bxf6 14.Rfd1 Qe8 15.Nd5 Bd8
16.Qa3 e4 17.Nd4 Nxd4 18.Rxd4 f5 19.c5 c6 20.Nb6 Bf6 21.Rd6 Be5 22.Rdd1 Rd8
23.e3 Qf7 24.Bf1 Kh7 25.b3 Qf6 26.Qa4 Bc7 27.Nc4 Bd5 28.Qb4 Rf7 29.Nb6 Bxb6
30.Qxb6 f4 31.exf4 g5 32.f5 Rdd7 33.Qb4 Qxf5 34.Qe1 g4 35.Qe3 Qh5 36.Bg2 Rf3
37.Qd4 Qf5 38.Rd2 Rd3 39.Qb2 e3 40.Rxd3 Qxd3 41.Bxd5 Rxd5 42.Qf6 exf2+ 43.Qxf2 Rf5
44.Qc2 Qd4+ 45.Kg2 Qd5+ 46.Kg1 Kg6 47.Qc4 h5 48.b4 Qxc4 49.Rxc4 Rd5 50.a4 Rd1+
51.Kg2 Rd2+ 52.Kg1 Rb2 53.Rf4 Kg5 54.a5 Rb1+ 55.Kf2 h4 56.Re4 h3 57.Re5+ Kf6
58.Re4 Kf5 59.Rf4+ Kg5 60.Rd4 Rh1 61.Rd7 Rxh2+  0-1

[Event "Cappelle op"]
[Site "Cappelle la Grande"]
[Date "1992.??.??"]
[Round "6"]
[White "Ilic, Zoran"]
[Black "Repkova Eid, Eva"]
[Result "1/2-1/2"]
[WhiteElo "2395"]
[BlackElo "2185"]

1.d4 Nf6 2.Nf3 g6 3.c4 Bg7 4.g3 O-O 5.Bg2 d6 6.Nc3 Nbd7 7.O-O e5 8.e4 Re8
9.b3 exd4 10.Nxd4 Nc5 11.Re1 Ng4 12.f3 Qf6 13.Nde2 Ne5 14.Rf1 c6 15.Be3 Qe7
16.Qd2 f5 17.Bg5 Qc7 18.exf5 Bxf5 19.Rad1 Nf7 20.Bf4 Nd3 21.Be3 Qe7 22.Bd4 Bh6
23.f4 Nc5 24.h3 Ne6 25.Bf2 g5 26.Rde1 gxf4 27.Nxf4 Nxf4 28.gxf4 Qd7 29.Re3 Re6
30.Rxe6 Qxe6 31.Re1 Qg6 32.Kh1 Kf8 33.Qd4 Qh5 34.Kh2 Bg7 35.Qe3 Qh6 36.Bg3 Bf6
37.Ne2 Re8 38.Qxa7 Bh4 39.Qf2 Bxg3+ 40.Qxg3 Re6 41.Nd4 Rxe1 42.Nxf5 Qe6 43.Qg7+ Ke8
44.Qxh7 Qf6 45.Qg8+ Kd7 46.Qg4 Kc7 47.h4 Re8 48.h5 Rh8 49.Bf3 Rh7  1/2-1/2